000 01169nam a2200265 a 4500
001 45019
003 BD-RjUL
005 20211209053941.0
008 160721s1977 bg ||||| |||| 00| 0 ben d
020 _c: TK 9.00
035 _a(BD-RjUL)45137
040 _aBD-RjUL
_bben
_cBD-RjUL
_dBD-RjUL
041 _aben
082 _223
_a297.648
_bANS Pt-8 1977
100 1 _aআনসারী, সাঈদ
_9137943
245 1 0 _aসাহাবা চরিত :
_b৮ /
_cমূল: উর্দূ সংকলন : সাঈদ আনসারী ; অনুবাদ: এ. কে. এম. সিরাজুল ইসলাম
250 _a১ম প্রকাশ
260 _aঢাকা :
_bইসলামিক ফাউণ্ডেশন বাংলাদেশ,
_c১৯৭৭
300 _a পার্ট ;
_c২১ সেমি.
505 0 _aপার্ট-৮, [মহিলা সাহাবী] --
650 _aসাহাবা
_xজীবনী
_9236887
650 _aSahaba (Companions)
_xBiography
_9236888
700 _aইসলাম, এ. কে. এম. সিরাজুল, অনুবাদক
_9236898
942 _2ddc
_cBK
999 _c45019
_d45019